| 000 | 00956cam a22003015a 4500 | ||
|---|---|---|---|
| 001 | 18151474 | ||
| 003 | EG-ScBUE | ||
| 005 | 20220410110647.0 | ||
| 008 | 140514s2015 enk f b 001 0 eng d | ||
| 020 | _a9780415534376 | ||
| 040 |
_aDLC _beng _erda _cDLC _dDLC _dEG-ScBUE |
||
| 082 | 0 | 4 |
_a401.41 _222 _bCUT |
| 100 | 1 |
_aCutting, Joan, _eauthor. _940325 |
|
| 245 | 1 | 0 |
_aPragmatics : _ba resource book for students / _cJoan Cutting. |
| 250 | _aThird edition. | ||
| 264 | 1 |
_aLondon ; _aNew York : _bRoutledge, _c2015. |
|
| 300 |
_aviii, 298 pages ; _c26 cm. |
||
| 336 |
_2rdacontent _atext _btxt |
||
| 337 |
_2rdamedia _aunmediated _bn |
||
| 338 |
_2rdacarrier _avolume _bnc |
||
| 490 | 0 | _aRoutledge English language introductions | |
| 504 | _aIncludes bibliographical references and index. | ||
| 650 | 7 |
_aPragmatics. _2BUEsh _937316 |
|
| 651 | _2BUEsh | ||
| 653 |
_cJune2016 _cSeptember2016 _bHHUUEENN |
||
| 655 |
_vReading book _934232 |
||
| 942 |
_2ddc _cBB |
||
| 999 |
_c21956 _d21928 |
||